Normal view
MARC view
Entry Topical Term
001 - CONTROL NUMBER
- control field: 10495
003 - CONTROL NUMBER IDENTIFIER
- control field: ARRUPE
005 - DATE AND TIME OF LATEST TRANSACTION
- control field: 20140530111713.0
008 - FIXED-LENGTH DATA ELEMENTS
- fixed length control field: 140530|| aca||aabn | a|a d
040 ## - CATALOGING SOURCE
- Original cataloging agency: ARRUPE
- Transcribing agency: ARRUPE
150 ## - HEADING--TOPICAL TERM
- Topical term or geographic name as entry element: Virtual reality.
670 ## - SOURCE DATA FOUND
- Source citation: Work cat.: (ARRUPE)0: Boellstorff, Tom, 1969- 10489, Coming of age in Second Life :, c2008.